|
|
|
|
| LEADER |
01714cas a2200241 a 4500 |
| 001 |
AALejournalIMF007266 |
| 008 |
230101c9999 xx r poo 0 0eng d |
| 020 |
|
|
|c 5.00 USD
|
| 020 |
|
|
|z 9781455288625
|
| 022 |
|
|
|a 1934-7685
|
| 040 |
|
|
|a BD-DhAAL
|c BD-DhAAL
|
| 110 |
2 |
|
|a International Monetary Fund.
|
| 245 |
1 |
0 |
|a Republic of Kazakhstan :
|b 2011 Article IV Consultation; Staff Report; Supplement; and Public Information Notice.
|
| 264 |
|
1 |
|a Washington, D.C. :
|b International Monetary Fund,
|c 2011.
|
| 300 |
|
|
|a 1 online resource (55 pages)
|
| 490 |
1 |
|
|a IMF Staff Country Reports
|
| 500 |
|
|
|a <strong>Off-Campus Access:</strong> No User ID or Password Required
|
| 500 |
|
|
|a <strong>On-Campus Access:</strong> No User ID or Password Required
|
| 506 |
|
|
|a Electronic access restricted to authorized BRAC University faculty, staff and students
|
| 520 |
3 |
|
|a Kazakhstan's economic recovery and unemployment rate and other issues are discussed in this paper. The banking and corporate sectors have not recovered from the crisis despite strong economic growth. Ownership and partial financing of the envisaged centralized distressed asset fund by the National Bank of Kazakhstan (NBK) poses risks to the integrity of monetary policy, and may create conflicts with its new supervisory powers. The importance of fully implementing the announced macroprudential measures and enhancing liquidity management practices to manage a possible increase in capital inflows are outlined.
|
| 538 |
|
|
|a Mode of access: Internet
|
| 830 |
|
0 |
|a IMF Staff Country Reports; Country Report ;
|v No. 2011/150
|
| 856 |
4 |
0 |
|z Full text available on IMF
|u http://elibrary.imf.org/view/journals/002/2011/150/002.2011.issue-150-en.xml
|z IMF e-Library
|